Anthropology today

Saved in:
Bibliographic Details
Corporate Author: Royal Anthropological Institute of Great Britain and Ireland
Format: Serial
Language:English
Published: London : Royal Anthropological Institute, 1985-
Subjects:
Tags: Add Tag
No Tags, Be the first to tag this record!

MARC

LEADER 00000nas a2200000 i 4500
001 1/34295
008 030306c19859999uk r r | |eng||
022 |a 0268540X 
035 |l 10069669 
040 |a GR-MY-UA  |b gre  |e aacr 
041 0 |a eng 
082 0 |a 306.05   |2 (21) 
110 2 |a Royal Anthropological Institute of Great Britain and Ireland. 
245 1 0 |a Anthropology today   |h [περιοδικό] /   |c Royal Anthropological Institute of Great Britain and Ireland.  
260 |a London :   |b Royal Anthropological Institute,   |c 1985- 
300 |a v. ;  |c 30 εκ.  
310 |a Διμηνιαίο 
650 0 0 |a Anthropology  |x Periodicals. 
650 0 0 |a Ethnology  |x Periodicals. 
853 |a INST  |b LESVOS  |c SER  |h 306.05 
970 |a ΤΖΑΦΕΡΗ  |b ΕΥΑΓΓΕΛΙΑ  |z 2003/03/06